[Event "Nezhmetdinov Cup 2013"]
[Site "?"]
[Date "2013.06.04"]
[Round "5.35"]
[White "Orekhov, Nikolai"]
[Black "Mischuk, Dmitry"]
[Result "0-1"]
[WhiteElo "2121"]
[BlackElo "2312"]
[PlyCount "60"]
[EventDate "2013.06.05"]

1. Nf3 d5 2. d4 e6 3. c4 c6 4. Nc3 dxc4 5. a4 Bb4 6. e3 b5 7. Bd2 a5 8. axb5
Bxc3 9. Bxc3 cxb5 10. b3 Bb7 11. bxc4 b4 12. Bb2 Nf6 13. Be2 Nbd7 14. O-O Qc7
15. c5 Bc6 16. Ne5 Nxe5 17. dxe5 Ne4 18. Bf3 O-O 19. Bxe4 Bxe4 20. Qd6 Qb7 21.
f3 Bc6 22. Rfd1 a4 23. Qd3 a3 24. Bd4 b3 25. Rdb1 Rfb8 26. Kf2 h6 27. h4 Qb4
28. Rd1 b2 29. Rab1 Bd5 30. g4 Ba2 0-1

[Event "Nezhmetdinov Cup 2013"]
[Site "?"]
[Date "2013.06.04"]
[Round "5.36"]
[White "Vasiljev, Vasily"]
[Black "Chumachenko, Alexander"]
[Result "1/2-1/2"]
[WhiteElo "2202"]
[BlackElo "2119"]
[PlyCount "90"]
[EventDate "2013.06.05"]

1. e4 c5 2. Nf3 Nc6 3. d4 cxd4 4. Nxd4 Nf6 5. Nc3 e5 6. Ndb5 d6 7. Bg5 a6 8.
Na3 b5 9. Bxf6 gxf6 10. Nd5 f5 11. c3 Bg7 12. exf5 Bxf5 13. Nc2 O-O 14. Nce3
Be6 15. Bd3 f5 16. O-O Ne7 17. Nxe7+ Qxe7 18. a4 d5 19. axb5 e4 20. Bc2 Rad8
21. Rxa6 f4 22. Ng4 f3 23. Ne3 fxg2 24. Nxg2 Rf3 25. Qd2 Bh3 26. Ra8 Rff8 27.
Rxd8 Qxd8 28. Bb3 Be6 29. Rd1 Rf5 30. c4 d4 31. Qe2 Rg5 32. f4 Bg4 33. Qxe4
Bxd1 34. Bxd1 Rg6 35. c5 d3 36. Bb3+ Kh8 37. Bd5 d2 38. Qd3 Qa5 39. Bb3 Bxb2
40. Bd1 Qb4 41. c6 Qxf4 42. Qd8+ Kg7 43. Qd7+ Kh6 44. Qh3+ Kg7 45. Qd7+ Kh6
1/2-1/2

[Event "Nezhmetdinov Cup 2013"]
[Site "?"]
[Date "2013.06.04"]
[Round "5.37"]
[White "Esipenko, Andrey"]
[Black "Dordzhieva, Dinara"]
[Result "0-1"]
[WhiteElo "2191"]
[BlackElo "2079"]
[PlyCount "96"]
[EventDate "2013.06.05"]

1. e4 c5 2. Nf3 d6 3. d4 cxd4 4. Nxd4 Nf6 5. Nc3 a6 6. h3 e6 7. g4 h6 8. Bg2
Nc6 9. Be3 g5 10. Qd2 Ne5 11. b3 b5 12. a4 b4 13. Nce2 Bb7 14. Ng3 d5 15. f4
gxf4 16. Bxf4 Bd6 17. O-O Qc7 18. Rae1 O-O-O 19. Qf2 Rhg8 20. Kh1 Nexg4 21.
hxg4 Nxg4 22. Qf3 e5 23. Bh3 h5 24. Bc1 dxe4 25. Nxe4 exd4 26. Bg2 Kb8 27. Qf5
Ka8 28. Re2 Be5 29. Qxf7 Rgf8 30. Qxf8 Rxf8 31. Rxf8+ Ka7 32. Rf1 h4 33. Rf3
Qh7 34. Rh3 Bxe4 35. Bxe4 Nf2+ 36. Rxf2 Qxe4+ 37. Rg2 Bg3 38. a5 Qe1+ 39. Rg1
Qe4+ 40. Rg2 Qg4 41. Rhxg3 hxg3 42. Bb2 Qe4 43. Bc1 Kb7 44. Bg5 Kc6 45. Bc1 Kb5
46. Bg5 Kxa5 47. Bc1 Kb5 48. Bg5 Qf3 0-1

[Event "Nezhmetdinov Cup 2013"]
[Site "?"]
[Date "2013.06.04"]
[Round "5.38"]
[White "Nevioselaya, Maria"]
[Black "Drachev, Oleg"]
[Result "0-1"]
[WhiteElo "2088"]
[BlackElo "2187"]
[PlyCount "70"]
[EventDate "2013.06.05"]

1. e4 d6 2. d4 Nf6 3. Nc3 g6 4. g3 Bg7 5. Bg2 O-O 6. Nge2 Nc6 7. h3 e5 8. Be3
exd4 9. Nxd4 Ne5 10. b3 a6 11. a4 c6 12. O-O Qa5 13. Nde2 Qc7 14. g4 c5 15. g5
Ne8 16. Nd5 Qd8 17. f4 Nc6 18. e5 Nb4 19. c3 Nxd5 20. Qxd5 Rb8 21. exd6 b6 22.
a5 Bb7 23. Qd3 Bxg2 24. Kxg2 Nxd6 25. axb6 Nf5 26. Rfd1 Qxb6 27. Bf2 Rbd8 28.
Qc4 Qb7+ 29. Kh2 Qf3 30. Kg1 Rde8 31. Ra2 Qxh3 32. Qxc5 Ne3 33. Bxe3 Rxe3 34.
Qd5 Rfe8 35. Re1 Bxc3 0-1

[Event "Nezhmetdinov Cup 2013"]
[Site "?"]
[Date "2013.06.04"]
[Round "5.39"]
[White "Pushkin, Eduard"]
[Black "Gromak, Ivan"]
[Result "1/2-1/2"]
[WhiteElo "2170"]
[BlackElo "1894"]
[PlyCount "105"]
[EventDate "2013.06.05"]

1. Nf3 Nf6 2. c4 e6 3. g3 b6 4. Bg2 Bb7 5. O-O Be7 6. Nc3 O-O 7. d4 Ne4 8. Qc2
Nxc3 9. Qxc3 f5 10. Ne1 Bxg2 11. Kxg2 Bf6 12. Qd3 Nc6 13. Nc2 d5 14. Rd1 Qd7
15. Bd2 Rad8 16. Bc3 Ne7 17. Kg1 Kh8 18. Bb4 dxc4 19. Qxc4 c5 20. Ba3 b5 21.
Qd3 b4 22. Nxb4 cxb4 23. Bxb4 Rb8 24. a3 Rfd8 25. Bxe7 Qxe7 26. e3 Rxb2 27.
Rab1 Rdb8 28. Rxb2 Rxb2 29. h4 h6 30. d5 exd5 31. Qxf5 Qe4 32. Qxd5 Qxd5 33.
Rxd5 Bc3 34. e4 Kg8 35. e5 Rd2 36. Rxd2 Bxd2 37. h5 a5 38. a4 g5 39. hxg6 Kg7
40. Kg2 Kxg6 41. Kh3 Bg5 42. f4 Be7 43. g4 h5 44. Kg3 hxg4 45. Kxg4 Ba3 46. f5+
Kh6 47. Kf4 Bb2 48. Ke4 Kg5 49. f6 Ba3 50. Kd5 Kf5 51. Kc6 Kxe5 52. Kb5 Bb4 53.
f7 1/2-1/2

[Event "Nezhmetdinov Cup 2013"]
[Site "?"]
[Date "2013.06.04"]
[Round "5.40"]
[White "Askerov, Marat"]
[Black "Shaydullina, Sandugach"]
[Result "0-1"]
[WhiteElo "1994"]
[BlackElo "2160"]
[PlyCount "70"]
[EventDate "2013.06.05"]

1. d4 d5 2. c4 dxc4 3. e3 a6 4. Bxc4 e6 5. Nf3 Nf6 6. O-O b5 7. Bb3 Bb7 8. a4
b4 9. Nbd2 c5 10. e4 cxd4 11. e5 Nfd7 12. Nc4 Nc6 13. Re1 Bc5 14. Ng5 O-O 15.
Bc2 g6 16. Ne4 Qc7 17. Bh6 Ncxe5 18. Nxe5 Qxe5 19. Nxc5 Qxc5 20. Bxf8 Kxf8 21.
Be4 Bxe4 22. Rxe4 e5 23. Rc1 Qd5 24. Re2 d3 25. Rd2 e4 26. b3 Nc5 27. Rc4 a5
28. Ra2 Rd8 29. h3 Nxb3 30. Qxb3 d2 31. Rxd2 Qxd2 32. Rxe4 Qd1+ 33. Qxd1 Rxd1+
34. Kh2 Ra1 35. Kg3 Rxa4 0-1

[Event "Nezhmetdinov Cup 2013"]
[Site "?"]
[Date "2013.06.04"]
[Round "5.41"]
[White "Yeletsky, Ivan"]
[Black "Ovchinnikov, Vsevolod"]
[Result "1/2-1/2"]
[WhiteElo "2144"]
[BlackElo "2006"]
[PlyCount "79"]
[EventDate "2013.06.05"]

1. c4 Nf6 2. g3 d5 3. cxd5 Nxd5 4. Bg2 g6 5. Nc3 c6 6. Nf3 Bg7 7. O-O O-O 8. d4
Nxc3 9. bxc3 c5 10. e4 cxd4 11. cxd4 Nc6 12. Be3 Bg4 13. d5 Ne5 14. Rb1 f5 15.
exf5 Rxf5 16. Bf4 Qf8 17. Bxe5 Bxe5 18. Rb3 Qf6 19. h3 Bxf3 20. Rxf3 Rxf3 21.
Qxf3 Qxf3 22. Bxf3 Rc8 23. d6 Bxd6 24. Bxb7 Rc2 25. Be4 Rd2 26. Rc1 Kg7 27. Rc2
Rd4 28. Re2 Kf6 29. Kg2 Bc5 30. Bc2 Bb6 31. f4 Ba5 32. Kf3 Rd2 33. Rxd2 Bxd2
34. Ke4 e6 35. g4 Be1 36. Bb3 h6 37. Ba4 g5 38. fxg5+ hxg5 39. Bb5 Bf2 40. a3
1/2-1/2

[Event "Nezhmetdinov Cup 2013"]
[Site "?"]
[Date "2013.06.04"]
[Round "5.42"]
[White "Kungurov, Andrei"]
[Black "Ioffe, Dmitry"]
[Result "1/2-1/2"]
[WhiteElo "2054"]
[BlackElo "2138"]
[PlyCount "80"]
[EventDate "2013.06.05"]

1. e4 e5 2. d4 exd4 3. Nf3 Nf6 4. Bc4 d5 5. exd5 Bb4+ 6. c3 Qe7+ 7. Be2 dxc3 8.
bxc3 Bd6 9. O-O O-O 10. Re1 Nbd7 11. Bf1 Qd8 12. c4 Nc5 13. Qc2 Qd7 14. h3 Qf5
15. Qxf5 Bxf5 16. Nc3 Nd3 17. Re2 Nxc1 18. Rxc1 Rfe8 19. Nd4 Bd7 20. Rb1 Rxe2
21. Ndxe2 b6 22. Nd4 Be5 23. Rd1 a6 24. Be2 Re8 25. Kf1 g6 26. Bf3 Kg7 27. Rd2
h6 28. Bd1 c6 29. Bf3 cxd5 30. Nxd5 Nxd5 31. Bxd5 Ba4 32. Nb3 Bc3 33. Re2 Rxe2
34. Kxe2 Bxb3 35. axb3 a5 36. Kd3 Bb4 37. Ke4 Bd6 38. Bc6 Kf6 39. Bd7 Ke7 40.
Bc8 Kf6 1/2-1/2

[Event "Nezhmetdinov Cup 2013"]
[Site "?"]
[Date "2013.06.04"]
[Round "5.43"]
[White "Ospennikov, Dmitry V"]
[Black "Lyutov, Timofey"]
[Result "1-0"]
[WhiteElo "2232"]
[BlackElo "1856"]
[PlyCount "101"]
[EventDate "2013.06.05"]

1. e4 c5 2. Nf3 Nc6 3. d4 cxd4 4. Nxd4 g6 5. Nc3 Bg7 6. Be3 Nf6 7. f3 O-O 8.
Qd2 d5 9. exd5 Nxd5 10. Nxc6 bxc6 11. Bd4 Nxc3 12. Bxg7 Qxd2+ 13. Kxd2 Kxg7 14.
Kxc3 Rd8 15. Bd3 Be6 16. Rae1 Rd7 17. h4 h5 18. Re5 Rd5 19. Rhe1 Kf6 20. Rxd5
cxd5 21. b4 Bf5 22. Kd4 Bxd3 23. cxd3 e6 24. Rc1 Rb8 25. a3 Rb7 26. Rc5 Ke7 27.
Ra5 Rc7 28. b5 Kd7 29. g4 Kc8 30. Ra6 Kb7 31. Rd6 Kb8 32. Rc6 Re7 33. Ke5 hxg4
34. fxg4 Re8 35. Rc1 Rh8 36. Rh1 f5 37. g5 Rf8 38. Rf1 Kc7 39. Rf4 Kd7 40. Ra4
Kd8 41. Rxa7 Re8 42. Ra8+ Ke7 43. Rxe8+ Kxe8 44. b6 Kd7 45. h5 gxh5 46. g6 h4
47. g7 h3 48. g8=Q h2 49. Qxe6+ Kd8 50. Kd6 h1=Q 51. Qd7# 1-0

[Event "Nezhmetdinov Cup 2013"]
[Site "?"]
[Date "2013.06.04"]
[Round "5.44"]
[White "Safiullin, Rafael"]
[Black "Fedotov, Nikita"]
[Result "1-0"]
[WhiteElo "2149"]
[BlackElo "1973"]
[PlyCount "81"]
[EventDate "2013.06.05"]

1. e4 c5 2. Nf3 e6 3. d4 cxd4 4. Nxd4 a6 5. Bd3 Nf6 6. O-O d6 7. Kh1 Be7 8. f4
Nbd7 9. Qf3 Qc7 10. Nc3 b5 11. a3 Bb7 12. Bd2 O-O 13. Rae1 Nb6 14. Qh3 Nfd7 15.
e5 g6 16. f5 Nxe5 17. fxe6 f6 18. Rf4 Nxd3 19. cxd3 f5 20. Rff1 Kh8 21. Nf3 Qd8
22. Qh6 f4 23. Ne4 Nd5 24. Neg5 Bxg5 25. Nxg5 Qe7 26. Nf7+ Kg8 27. Bxf4 Nxf4
28. Rxf4 Bd5 29. Rh4 Rxf7 30. exf7+ Qxf7 31. Rf4 Qb7 32. Qg5 Rc8 33. h4 Qc6 34.
h5 Bf7 35. Rxf7 Kxf7 36. Re7+ Kg8 37. Qf6 Qc1+ 38. Kh2 Qh6 39. Qe6+ Kf8 40.
Rf7+ Kg8 41. Rc7+ 1-0

[Event "Nezhmetdinov Cup 2013"]
[Site "?"]
[Date "2013.06.04"]
[Round "5.45"]
[White "Fedotov, Alexey"]
[Black "Bitkinin, Lenar"]
[Result "1-0"]
[WhiteElo "1861"]
[BlackElo "2147"]
[PlyCount "107"]
[EventDate "2013.06.05"]

1. d4 f5 2. g3 Nf6 3. Bg2 g6 4. c4 Bg7 5. Nf3 O-O 6. O-O d6 7. Nc3 Qe8 8. b3 a5
9. Ba3 Na6 10. Re1 c6 11. e4 fxe4 12. Nxe4 Nxe4 13. Rxe4 Bf5 14. Re1 Qd7 15.
Qd2 Bg4 16. Ng5 Nb4 17. Bxb4 axb4 18. h3 Bf5 19. g4 h6 20. Nf3 Be6 21. d5 cxd5
22. cxd5 Bf7 23. Nd4 Ra5 24. Qxb4 Rxd5 25. Bxd5 Bxd5 26. Rad1 e5 27. Nb5 Qf7
28. f4 Bc6 29. Nxd6 Qe7 30. Qc4+ Kh7 31. f5 Qh4 32. Re3 Qg5 33. fxg6+ Kh8 34.
Qe2 Qxg6 35. Ne4 Rf4 36. Rd6 Qf7 37. Qd3 Bf8 38. Rd8 Kg7 39. Ng3 e4 40. Qd4+
Kh7 41. Nf5 h5 42. Qe5 Rf3 43. Rc8 Bg7 44. Rc7 Bxe5 45. Rxf7+ Kg6 46. Rxf3 exf3
47. Re7 Bb8 48. Kf2 hxg4 49. hxg4 Kg5 50. Ne3 Ba7 51. Re5+ Kg6 52. b4 Bd4 53.
Rf5 b5 54. Rf8 1-0

[Event "Nezhmetdinov Cup 2013"]
[Site "?"]
[Date "2013.06.04"]
[Round "5.46"]
[White "Fakhrutdinov, Timur"]
[Black "Matsenko, Elena"]
[Result "1-0"]
[WhiteElo "2128"]
[BlackElo "1966"]
[PlyCount "69"]
[EventDate "2013.06.05"]

1. e4 d6 2. d4 e5 3. Nf3 Nd7 4. Bc4 Be7 5. O-O Ngf6 6. Nc3 O-O 7. a4 a5 8. Re1
c6 9. h3 Qc7 10. Ba2 Re8 11. Qd3 exd4 12. Qxd4 Nc5 13. Ng5 Rf8 14. Bf4 h6 15.
Nxf7 Be6 16. Nxd6 Bxa2 17. Rxa2 Nfxe4 18. Ncxe4 Rxf4 19. Qxc5 Rxe4 20. Rxe4
Bxd6 21. Qc4+ Kh8 22. Ra1 Rf8 23. Rae1 Qb6 24. R4e2 Qxb2 25. Re8 Qf6 26. Rxf8+
Qxf8 27. Qe4 Qf6 28. Qe6 Qf4 29. g3 Qb4 30. Qc8+ Bf8 31. Re8 Kg8 32. Qe6+ Kh7
33. Qf5+ Kg8 34. Qe6+ Kh7 35. Qf7 1-0

[Event "Nezhmetdinov Cup 2013"]
[Site "?"]
[Date "2013.06.04"]
[Round "5.48"]
[White "Padikov, Denis"]
[Black "Sazonova, Anastasia"]
[Result "0-1"]
[WhiteElo "1820"]
[BlackElo "2097"]
[PlyCount "88"]
[EventDate "2013.06.05"]

1. Nf3 c5 2. g3 g6 3. Bg2 Bg7 4. O-O Nc6 5. d3 e6 6. c4 Nge7 7. Nbd2 d6 8. Rb1
O-O 9. a3 a5 10. Ne4 f5 11. Nc3 h6 12. Ne1 d5 13. Qa4 Bd7 14. cxd5 Nd4 15. Qc4
b5 16. Qxc5 Rc8 17. Qd6 e5 18. Qa6 Ra8 19. Qb7 Rb8 20. Qa6 b4 21. axb4 axb4 22.
d6 Nc8 23. Qc4+ Kh8 24. Qc7 Nxd6 25. Qxd6 bxc3 26. e3 Ne2+ 27. Kh1 Nxc1 28.
Rxc1 cxb2 29. Rb1 Rb6 30. Qa3 Qb8 31. Bd5 Rc8 32. Ng2 Bc6 33. e4 Bf8 34. Qa2
fxe4 35. dxe4 Bc5 36. Ne3 Bd4 37. Nc4 Bxd5 38. exd5 Rb4 39. Nd2 Qb7 40. Kg1 Ra8
41. Rxb2 Rxa2 42. Rxa2 Qxd5 43. Ra6 Rb2 44. Rd1 Bxf2+ 0-1

[Event "Nezhmetdinov Cup 2013"]
[Site "?"]
[Date "2013.06.04"]
[Round "5.49"]
[White "Kurninov, Andrei"]
[Black "Ivanov, Vladislav"]
[Result "0-1"]
[WhiteElo "1707"]
[BlackElo "2002"]
[PlyCount "70"]
[EventDate "2013.06.05"]

1. e4 Nc6 2. d4 d5 3. exd5 Qxd5 4. Nf3 Bg4 5. Be2 O-O-O 6. c4 Qh5 7. d5 e6 8.
Nc3 Nf6 9. h3 exd5 10. cxd5 Nxd5 11. Qa4 Bb4 12. Bd2 Nb6 13. Qc2 Bxf3 14. Bxf3
Nd4 15. Qd1 Rhe8+ 16. Be3 Nxf3+ 17. Qxf3 Qxf3 18. gxf3 Nd5 19. Ke2 Nxc3+ 20.
bxc3 Bxc3 21. Rac1 Bd2 22. Rc2 Bxe3 23. fxe3 Rd5 24. Rg1 g6 25. Rgc1 c6 26. Rc4
Rh5 27. h4 Ra5 28. a4 Rae5 29. R1c3 Kc7 30. Rf4 R8e7 31. Rb4 f5 32. Rcb3 b6 33.
Rc4 h6 34. Rbc3 R5e6 35. Kd3 Rxe3+ 0-1

[Event "Nezhmetdinov Cup 2013"]
[Site "?"]
[Date "2013.06.04"]
[Round "5.52"]
[White "Krotiuk, Daria"]
[Black "Gubajdullin, Marsel"]
[Result "0-1"]
[WhiteElo "1916"]
[BlackElo "1936"]
[PlyCount "134"]
[EventDate "2013.06.05"]

1. e4 c6 2. d4 g6 3. Nc3 d5 4. Nf3 Bg7 5. h3 h5 6. Be3 b6 7. exd5 cxd5 8. Bb5+
Bd7 9. Be2 e6 10. Bf4 a6 11. Ne5 Nc6 12. Bd3 Nxe5 13. dxe5 Ne7 14. Qd2 Qc7 15.
Qe2 Nc6 16. O-O Bxe5 17. Bxe5 Qxe5 18. Bxa6 Qxe2 19. Bxe2 Nb4 20. Rfc1 Ke7 21.
a3 Nc6 22. Re1 Nd4 23. Bd3 Kf6 24. Rad1 Nc6 25. Bb5 Nb8 26. Be2 Nc6 27. Bb5 Nb8
28. Rd3 Rc8 29. Rf3+ Kg7 30. Re2 Nc6 31. Rd3 Nb8 32. Bxd7 Nxd7 33. Rd4 Rc5 34.
Ne4 Rc6 35. Ng5 Nf8 36. f4 Rac8 37. c3 Rc4 38. Red2 Kf6 39. Nf3 Nd7 40. g3 b5
41. Kg2 Ke7 42. R2d3 f6 43. Nd2 Ra4 44. Rxa4 bxa4 45. Rd4 Nc5 46. c4 Rd8 47.
cxd5 Rxd5 48. Rxd5 exd5 49. Kf3 d4 50. g4 hxg4+ 51. hxg4 f5 52. g5 Ke6 53. Ke2
Kd5 54. Kf3 Ne4 55. Nf1 Kc4 56. Ke2 Nc5 57. Nd2+ Kd5 58. Kf3 Ne4 59. Nf1 Kc5
60. Ke2 Kc4 61. Nh2 d3+ 62. Ke3 d2 63. Ke2 Kb3 64. Kd1 Kxb2 65. Nf3 Kc3 66. Ke2
Kc2 67. Nd4+ Kc1 0-1

[Event "Nezhmetdinov Cup 2013"]
[Site "?"]
[Date "2013.06.04"]
[Round "5.53"]
[White "Trushina, Marina"]
[Black "Murtazin, Ruslan"]
[Result "0-1"]
[WhiteElo "1739"]
[BlackElo "1710"]
[PlyCount "96"]
[EventDate "2013.06.05"]

1. e4 c5 2. Nf3 e6 3. d4 cxd4 4. Nxd4 a6 5. c4 Qc7 6. Nc3 b6 7. Be2 Bb7 8. Be3
Bb4 9. f3 Nf6 10. O-O O-O 11. Rc1 Nc6 12. Kh1 Ne7 13. a3 Bd6 14. g3 Ng6 15. b4
h5 16. Bf2 h4 17. Kg2 Nh5 18. Qe1 f5 19. exf5 exf5 20. Nd5 Qd8 21. Bd3 Qg5 22.
Qe3 f4 23. Qe4 Bxd5 24. Qxg6 Qxg6 25. Bxg6 Bf7 26. Bxf7+ Rxf7 27. g4 Nf6 28.
Bxh4 Be5 29. Bf2 a5 30. Nb5 axb4 31. axb4 Ra2 32. Kg1 Ra4 33. Rb1 Ra6 34. Rfe1
Re7 35. Nc7 Ra3 36. Bxb6 Rxf3 37. Nb5 Nxg4 38. Kg2 Rd3 39. h3 Rg3+ 40. Kf1 Rxh3
41. Bc5 Re6 42. Rbd1 f3 43. Re4 Rh1+ 44. Bg1 Rg6 45. c5 Bh2 46. Ke1 Rxg1+ 47.
Kd2 Rxd1+ 48. Kxd1 Nf2+ 0-1

[Event "Nezhmetdinov Cup 2013"]
[Site "Kazan"]
[Date "2013.06.05"]
[Round "6.1"]
[White "Onischuk, Vladimir"]
[Black "Aleksandrov, Aleksej"]
[Result "1/2-1/2"]
[WhiteElo "2584"]
[BlackElo "2617"]
[PlyCount "63"]
[EventDate "2013.??.??"]

1. e4 e5 2. Nf3 Nc6 3. Bb5 Nf6 4. d3 d6 5. c3 Bd7 6. O-O g6 7. Re1 Bg7 8. Nbd2
O-O 9. Nf1 Re8 10. Ba4 Rb8 11. Ng3 b5 12. Bc2 a5 13. h3 a4 14. Be3 Qc8 15. Qd2
d5 16. Bh6 dxe4 17. dxe4 Be6 18. Qg5 Bh8 19. Nf5 Nd7 20. Qg3 Na5 21. Bg5 f6 22.
Bc1 Bg7 23. Nxg7 Kxg7 24. Nh4 Kh8 25. f4 exf4 26. Nxg6+ hxg6 27. Qxg6 Re7 28.
e5 f5 29. Qh6+ Kg8 30. Qg6+ Kh8 31. Qh6+ Kg8 32. Qg6+ 1/2-1/2

[Event "Nezhmetdinov Cup 2013"]
[Site "Kazan"]
[Date "2013.06.05"]
[Round "6.2"]
[White "Maiorov, Nikita"]
[Black "Kokarev, Dmitry"]
[Result "1/2-1/2"]
[WhiteElo "2535"]
[BlackElo "2639"]
[PlyCount "97"]
[EventDate "2013.??.??"]

1. d4 Nf6 2. c4 g6 3. g3 Bg7 4. Bg2 d5 5. cxd5 Nxd5 6. Nf3 Nb6 7. Nc3 Nc6 8. e3
O-O 9. O-O Re8 10. b3 e5 11. Nxe5 Nxe5 12. dxe5 Bxe5 13. Bb2 c6 14. Qc1 Qe7 15.
Ne4 Nd5 16. Bxe5 Qxe5 17. Qc5 Bh3 18. Bxh3 Qxe4 19. Bg2 Qb4 20. Qxb4 Nxb4 21.
a3 Nd3 22. b4 Rad8 23. Rab1 Ne5 24. Rfd1 Kf8 25. a4 Nc4 26. Rdc1 Nd6 27. b5
cxb5 28. axb5 Re5 29. Rd1 Ke7 30. b6 axb6 31. Rxb6 Rd7 32. Bh3 Rd8 33. Bg2 Rd7
34. g4 h5 35. h3 hxg4 36. hxg4 g5 37. Bxb7 Nxb7 38. Rxd7+ Kxd7 39. Rxb7+ Ke6
40. Kg2 Kf6 41. Kf3 Kg6 42. Ke2 Re4 43. Rb6+ Kg7 44. Kf3 Ra4 45. Rd6 Ra2 46.
Rd5 Kg6 47. Kg3 Ra3 48. Rd8 Rb3 49. Rd6+ 1/2-1/2

[Event "Nezhmetdinov Cup 2013"]
[Site "Kazan"]
[Date "2013.06.05"]
[Round "6.3"]
[White "Azarov, Sergei"]
[Black "Dzhumaev, Marat"]
[Result "1/2-1/2"]
[WhiteElo "2629"]
[BlackElo "2549"]
[PlyCount "126"]
[EventDate "2013.??.??"]

1. e4 e5 2. Nf3 Nc6 3. Bb5 Nf6 4. O-O d6 5. d4 Bd7 6. Nc3 exd4 7. Nxd4 Be7 8.
Bxc6 bxc6 9. Bf4 O-O 10. h3 Rb8 11. b3 c5 12. Nf3 Bc6 13. Re1 Nd7 14. e5 Nb6
15. exd6 cxd6 16. Qd3 Rb7 17. a4 a5 18. Rad1 Rd7 19. Re2 h6 20. Rde1 Bf6 21.
Ne4 c4 22. Nxf6+ Qxf6 23. Qd4 Qf5 24. Re8 Bxf3 25. Rxf8+ Kxf8 26. gxf3 Nd5 27.
Bxh6 Qg6+ 28. Kh2 Ne7 29. Qb6 f6 30. Qb5 Qxc2 31. Bxg7+ Kf7 32. Rg1 Qf5 33.
Qxc4+ d5 34. Qh4 Qxf3 35. Bh8 Qf5 36. Rg4 Rd6 37. Rf4 Qg6 38. Rg4 Nf5 39. Rxg6
Nxh4 40. Rg7+ Ke6 41. Rc7 d4 42. Bg7 d3 43. Rc1 d2 44. Rd1 Rd3 45. Bh6 Rxb3 46.
Be3 Ke5 47. Kg3 Nf5+ 48. Kf3 Nxe3 49. fxe3 Rd3 50. h4 f5 51. Ke2 Ke4 52. Rxd2
Rxe3+ 53. Kf2 Rh3 54. Rd8 Rxh4 55. Ra8 Rh2+ 56. Kg1 Ra2 57. Rxa5 f4 58. Rb5 Ke3
59. Rb3+ Ke2 60. Kg2 Rxa4 61. Rb2+ Ke3 62. Rb3+ Ke4 63. Kf2 Ra2+ 1/2-1/2

[Event "Nezhmetdinov Cup 2013"]
[Site "Kazan"]
[Date "2013.06.05"]
[Round "6.5"]
[White "Rozum, Ivan"]
[Black "Vorobiov, Evgeny"]
[Result "1/2-1/2"]
[WhiteElo "2482"]
[BlackElo "2583"]
[PlyCount "90"]
[EventDate "2013.??.??"]

1. d4 Nf6 2. c4 g6 3. Nc3 Bg7 4. e4 d6 5. Nf3 O-O 6. Be2 e5 7. O-O Nbd7 8. dxe5
dxe5 9. Be3 c6 10. Qc2 Qe7 11. h3 Nh5 12. Rfd1 Nf4 13. a3 Nxe2+ 14. Nxe2 f5 15.
b4 f4 16. Bc1 g5 17. c5 Rf7 18. Bb2 Nf8 19. Rd6 g4 20. hxg4 Bxg4 21. Qb3 Ng6
22. Rad1 Raf8 23. Kf1 Kh8 24. Qc3 Bxf3 25. gxf3 Qh4 26. Nc1 Re8 27. Ke2 Bf8 28.
R6d3 Bg7 29. Qc4 Rfe7 30. Rd6 Qh5 31. Nb3 Nf8 32. Rd8 Ne6 33. Rxe8+ Qxe8 34.
Rd6 Ng5 35. Na5 Nxf3 36. Qd3 Nd4+ 37. Kd2 Qh5 38. Rd8+ Re8 39. Rxe8+ Qxe8 40.
Nxb7 Qf7 41. Nd6 Qa2 42. Nc4 h5 43. Ke1 h4 44. Kf1 Nf3 45. Qxf3 Qxc4+ 1/2-1/2

[Event "Nezhmetdinov Cup 2013"]
[Site "Kazan"]
[Date "2013.06.05"]
[Round "6.7"]
[White "Fedorov, Alexei"]
[Black "Pakhomov, Egor"]
[Result "1-0"]
[WhiteElo "2591"]
[BlackElo "2429"]
[PlyCount "45"]
[EventDate "2013.??.??"]

1. e4 e6 2. d3 d5 3. Qe2 e5 4. exd5 Qxd5 5. Nc3 Bb4 6. Bd2 Bxc3 7. Bxc3 Nc6 8.
Nf3 Bg4 9. Qe4 Bxf3 10. Qxf3 Qxf3 11. gxf3 Nf6 12. f4 exf4 13. Rg1 Kf8 14. Bg2
Re8+ 15. Kd2 Re6 16. Rae1 Rd6 17. b4 b5 18. a4 a6 19. axb5 axb5 20. Bxc6 Rxc6
21. Rg5 Ne8 22. Rxb5 f6 23. Rxe8+ 1-0

[Event "Nezhmetdinov Cup 2013"]
[Site "Kazan"]
[Date "2013.06.05"]
[Round "6.8"]
[White "Grigoriants, Sergei"]
[Black "Gajsin, Evgenij"]
[Result "1/2-1/2"]
[WhiteElo "2579"]
[BlackElo "2457"]
[PlyCount "50"]
[EventDate "2013.??.??"]

1. Nf3 g6 2. e4 d6 3. d4 Nf6 4. Nc3 Bg7 5. Be2 O-O 6. O-O c6 7. h3 Nbd7 8. a4
e5 9. dxe5 dxe5 10. Qd6 Re8 11. Bc4 Bf8 12. Qd3 Qc7 13. Ng5 Re7 14. Qg3 Nh5 15.
Qh4 h6 16. Nxf7 Rxf7 17. Qg4 Qd6 18. Rd1 Qf6 19. Rxd7 Bxd7 20. Qxd7 Qxf2+ 21.
Kh2 Qg3+ 22. Kh1 Qe1+ 23. Kh2 Qg3+ 24. Kh1 Qe1+ 25. Kh2 Qg3+ 1/2-1/2

[Event "Nezhmetdinov Cup 2013"]
[Site "Kazan"]
[Date "2013.06.05"]
[Round "6.9"]
[White "Ibragimov, Ildar"]
[Black "Faizrakhmanov, Ramil"]
[Result "1-0"]
[WhiteElo "2571"]
[BlackElo "2317"]
[PlyCount "67"]
[EventDate "2013.??.??"]

1. d4 Nf6 2. c4 e6 3. Nc3 Bb4 4. e3 b6 5. Nge2 Ba6 6. Ng3 c5 7. d5 Bxc3+ 8.
bxc3 d6 9. Bd3 Nbd7 10. f4 Qc7 11. e4 exd5 12. cxd5 c4 13. Bc2 O-O 14. O-O Rad8
15. Be3 Nc5 16. Bd4 Ne8 17. Nh5 f5 18. exf5 Nd3 19. Nxg7 Nxg7 20. f6 Qf7 21.
Qg4 Rfe8 22. Rf3 Re2 23. Rg3 Rde8 24. Rf1 Re1 25. Qxg7+ Qxg7 26. Rxg7+ Kf8 27.
g4 Rxf1+ 28. Kxf1 Re1+ 29. Kg2 Re2+ 30. Kg3 Rxc2 31. Rxh7 Nc1 32. g5 Ne2+ 33.
Kf3 Nxd4+ 34. cxd4 1-0

[Event "Nezhmetdinov Cup 2013"]
[Site "?"]
[Date "2013.06.05"]
[Round "6.10"]
[White "Goganov, Aleksey"]
[Black "Isajevsky, Anton"]
[Result "1/2-1/2"]
[WhiteElo "2552"]
[BlackElo "2415"]
[PlyCount "80"]
[EventDate "2013.06.04"]

1. c4 e5 2. Nc3 Nf6 3. Nf3 Nc6 4. e3 Bb4 5. Qc2 Bxc3 6. Qxc3 Qe7 7. d3 d5 8.
cxd5 Nxd5 9. Qc2 Bg4 10. Be2 Ndb4 11. Qc3 O-O 12. a3 Nxd3+ 13. Bxd3 e4 14. Ne5
Qxe5 15. Qxe5 Nxe5 16. Bxe4 Rad8 17. Bd2 Nd3+ 18. Bxd3 Rxd3 19. Bb4 Rfd8 20.
O-O Be2 21. Rfe1 Rd1 22. f3 Rxa1 23. Rxa1 Rd1+ 24. Rxd1 Bxd1 25. Kf2 f6 26. e4
Kf7 27. Ke3 Ke6 28. Bf8 g6 29. Bb4 h5 30. h4 f5 31. exf5+ Kxf5 32. Bc3 c5 33.
b4 cxb4 34. axb4 b6 35. Bb2 a5 36. bxa5 bxa5 37. Bc3 a4 38. Bb2 Bb3 39. Ba3 Bc4
40. Bb2 Bf1 1/2-1/2

[Event "Nezhmetdinov Cup 2013"]
[Site "?"]
[Date "2013.06.05"]
[Round "6.11"]
[White "Belyakov, Bogdan"]
[Black "Zakhartsov, Viacheslav"]
[Result "0-1"]
[WhiteElo "2407"]
[BlackElo "2536"]
[PlyCount "84"]
[EventDate "2013.06.04"]

1. e4 c5 2. Nf3 e6 3. d4 cxd4 4. Nxd4 a6 5. Bd3 Bc5 6. Nb3 Be7 7. Nc3 d6 8. f4
Nd7 9. Qf3 Qc7 10. O-O Ngf6 11. Qg3 g6 12. e5 dxe5 13. fxe5 Nh5 14. Qf2 Nxe5
15. Bh6 f5 16. Be2 Nf7 17. Be3 Nf6 18. Bb6 Qb8 19. Rad1 O-O 20. Nc5 Bd6 21. h3
Bc7 22. N5a4 Nd7 23. Bc4 Re8 24. Kh1 Nf6 25. Rd2 Bd7 26. Bxc7 Qxc7 27. Nb6 Rad8
28. Re1 Bc6 29. Rxd8 Nxd8 30. Qd4 Qg3 31. Re2 Kf7 32. Nc8 Kg7 33. Nd6 Re7 34.
Kg1 Nf7 35. Nxf7 Kxf7 36. b4 Nh5 37. Nd5 Bxd5 38. Bxd5 Nf4 39. Re3 exd5 40.
Rxe7+ Kxe7 41. Qg7+ Ke6 42. Qg8+ Kf6 0-1

[Event "Nezhmetdinov Cup 2013"]
[Site "?"]
[Date "2013.06.05"]
[Round "6.12"]
[White "Gerasimov, Ivan"]
[Black "Ulibin, Mikhail"]
[Result "1/2-1/2"]
[WhiteElo "2336"]
[BlackElo "2523"]
[PlyCount "137"]
[EventDate "2013.06.04"]

1. e4 e6 2. d4 d5 3. Nd2 Nf6 4. e5 Nfd7 5. Bd3 c5 6. c3 Nc6 7. Ne2 cxd4 8. cxd4
f6 9. exf6 Qxf6 10. Nf3 h6 11. O-O Bd6 12. Bd2 O-O 13. Bc3 Rd8 14. Qb3 Nf8 15.
Ng3 Ng6 16. Nh5 Qf7 17. Rae1 Bd7 18. Qd1 Be8 19. Bb1 b5 20. Qd3 b4 21. Bd2 Rab8
22. Ne5 Bxe5 23. dxe5 Ncxe5 24. Qg3 Nc4 25. Bc1 Nd6 26. Nf4 Nf8 27. Rd1 Nf5 28.
Qh3 Ne7 29. Rfe1 Rb6 30. Nd3 Neg6 31. Re3 d4 32. Rf3 Qe7 33. Re1 Qh4 34. Ne5
Qxh3 35. Rxh3 Nxe5 36. Rxe5 Bg6 37. Bd3 Bxd3 38. Rxd3 Ng6 39. Re4 e5 40. f4
exf4 41. Rexd4 Rf8 42. Rf3 Rc6 43. Bxf4 Rc2 44. Rxb4 a5 45. Rb8 Rxb8 46. Bxb8
Rxb2 47. Bg3 Rxa2 48. Rf5 Ne7 49. Rb5 Kf7 50. Bd6 Nc6 51. Rc5 Nd4 52. Rc7+ Kg6
53. Be5 Ne6 54. Re7 Kf5 55. Bxg7 h5 56. Rf7+ Ke4 57. Re7 Kd5 58. Rd7+ Kc6 59.
Rf7 a4 60. Bh8 a3 61. Rf3 Nc7 62. h3 Nd5 63. Rf2 Rxf2 64. Kxf2 Kc5 65. g4 hxg4
66. hxg4 Kc4 67. Ke2 Nc3+ 68. Kd2 Ne4+ 69. Kc2 1/2-1/2